Laws of the Game - Level 1 - Statistics

General Stats
  • This quiz has been taken 3 times
  • The average score is 8 of 17
Answer Stats
Hint Answer % Correct
Law 11 Offside
100%
Law 2 The Ball
67%
Law 17 The Corner Kick
67%
Law 16 The Goal Kick
67%
Law 14 The Penalty Kick
67%
Law 3 The Players
67%
Law 10 Determining the Outcome of a Match
33%
Law 12 Fouls and Misconduct
33%
Law 13 Free Kicks
33%
Law 9 The Ball In and Out of Play
33%
Law 7 The Duration of the Match
33%
Law 1 The Field of Play
33%
Law 6 The Other Match Officials
33%
Law 4 The Players' Equipment
33%
Law 5 The Referee
33%
Law 8 The Start and Restart of Play
33%
Law 15 The Throw-in
33%
No matching quizzes found
Score Distribution
Percent of People with Each Score
Percentile by Number Answered
Your Score History
You have not taken this quiz